zpět

Detail výsledku týmu

The Pub Praha 2 PO, Praha

Datum a čas kvízu

37 Celkem bodů Celkový počet nahraných bodů na tomto kvízu bez doplňovacích otázek.
1. Pořadí na kvízu Konečné umístění týmu na tomto kvízu.

Zaznamenané odpovědi

# Otázka Odpověď Body Výsledky
1. Cestující českobudějovické MHD... lakovala si nehty (na nohou) 1
2. O víkendu došlo k teroristický... na Srí Lance 1
3. Letošní 32. ročník filmového f... Zlatý ledňáček 1
4. Známé francouzské herní studio... Ubisoft 1
5. Záložník fotbalové Slavie si v... Petr Ševčík 1
6. V pondělí v podvečer zachvátil... svatý Ludvík (Louis) 1
7. Jeruzalémský Chrám, dle Bible... Šalamoun (též Šalomoun) 1
8. Tato budova dnes slouží jako p... v Japonsku 1
9. Stavba Národního divadla v Pra... František Josef I. 1
10. Tento mrakodrap najdeme na mís... Freedom Tower (Věž svobody) 0